Estadísticas para Días de la Semana en 15 Segundos

Haz click aquí para intentar la prueba.

Estadísticas generales

  • Esta prueba ha sido intentada 297 veces
  • La puntuación promedio es 6 de 7

Estadísticas de respuestas

día% Correcto
lunes
99%
martes
94%
miércoles
90%
jueves
84%
sábado
84%
viernes
80%
domingo
79%

Distribución de puntuación

Porcentaje por número respondido

Porcentaje de gente con cada puntuación

Historial de tus puntuaciones

No has intentado esta prueba.